[Event "27th CRO-chT 1B-Men 2018"]
[Site "Biograd"]
[Date "2018.09.18"]
[Round "2.17"]
[White "Vrban, Mladen"]
[Black "Pucovski, Miroslav"]
[Result "1/2-1/2"]
[WhiteElo "2280"]
[BlackElo "2241"]
[Annotator "TA"]
[PlyCount "230"]
[EventDate "2018.09.15"]
[EventType "team-tourn"]
[EventCountry "CRO"]
[SourceTitle "playchess.com"]
[Source "ChessBase"]
[SourceQuality "1"]

{[%evp 14,230,-14,-14,19,22,43,37,30,40,39,8,127,110,124,39,33,25,27,34,30,-10,45,45,46,41,53,53,45,13,30,25,13,27,12,0,6,10,0,0,0,0,0,0,13,8,17,0,0,0,0,0,0,-9,0,-4,0,0,0,0,0,0,15,0,10,0,0,0,0,0,0,0,36,0,0,-36,0,0,23,25,29,28,17,35,53,0,45,45,45,45,45,45,45,45,45,45,45,45,60,53,60,57,55,10,26,26,38,12,70,70,82,70,78,70,78,78,78,78,78,78,78,78,78,78,78,78,78,78,78,70,70,70,70,70,70,63,78,78,78,70,70,61,61,61,63,63,63,63,63,63,63,63,70,70,70,70,70,70,70,70,80,63,80,80,80,80,80,70,70,70,80,77,77,78,85,85,86,92,101,12,12,12,12,12,12,12,16,16,16,16,16,16,16,16,16,16,17,18,18,16,16,17,16,15,15,15,15,15,15,13,18,18,18,18,18,18,18,0,8]} 1. f4 d5 2. Nf3 g6 3. g3 Bg7 4. Bg2 Nh6 {[%cal Bg8h6,Bh6f5,Bf5e3][%mdl 32]} 5. c3 O-O 6. O-O {A03: Bird's Opening with 1...d5} c6 7. d3 Qb6+ 8. Kh1 {LiveBook: 7 Games} Nf5 (8... Ng4 9. Qe1 Ne3 10. Bxe3 Qxe3 11. d4 Qe6 12. Nbd2 Nd7 13. e4 dxe4 14. Nxe4 {½-½ (73) Vachier Lagrave,M (2793)-Borisek,J (2576) chess.com INT 2018}) 9. e4 dxe4 10. dxe4 Ne3 11. Bxe3 $1 Qxe3 12. Nd4 $146 ({Predecessor:} 12. Na3 Qc5 13. Qb3 {0-1 (39) Ofstad,S (2014)-Ossa,O (2249) Barcelona 2015}) 12... e5 {[#]} (12... Bxd4 $1 $11 13. cxd4 Rd8) 13. Na3 $1 $16 {[%cal Ra3c4]} exd4 14. Nc2 {[#]} (14. Nc4 $16 Bg4 15. Qxg4) 14... Bg4 $1 $14 {[%mdl 512]} 15. Qxg4 Qd2 16. Nxd4 Qxb2 17. Ne2 Qa3 (17... Na6 $11) 18. Rab1 Qe7 19. e5 Na6 20. Nd4 Nc5 21. Rbe1 f6 22. exf6 Qxf6 23. f5 Kh8 24. Qd1 Rae8 25. Rxe8 Rxe8 26. Qb1 Qd6 27. fxg6 hxg6 28. Rf4 Rf8 29. Rh4+ Kg8 30. Qb4 Qe7 {( -> ...Qe1+)} 31. Qc4+ Rf7 32. Rf4 {aiming for Rxf7.} Nd7 33. Ne6 Rxf4 34. Nxf4+ Qf7 35. Qe2 (35. Qb4 {seems wilder.} Ne5 36. Qa5 b6 37. Qa4 Bh6 38. Qe4) 35... Bh6 36. Bh3 {Threatens to win with Be6.} Nf8 37. Ne6 Qf6 38. Nd4 Qg5 39. Qc4+ Kh8 40. Bf1 Qe3 41. Qf7 Qe4+ ({Avoid the trap} 41... Qxc3 $2 42. Bc4 $18) 42. Nf3 Qd5 43. Qf6+ Kg8 44. h4 Bg7 45. Qf4 $1 b5 46. c4 Qd1 47. Kg2 a6 48. Qe4 Qd6 49. a4 (49. cxb5 $14 axb5 50. a4) 49... Qe6 (49... bxa4 {is more complex.} 50. c5 Qxc5 51. Qxa4 a5 52. Bd3 Kh8) 50. Qxe6+ Nxe6 51. cxb5 cxb5 52. axb5 axb5 53. Bxb5 {[%mdl 4096] Endgame Hoping for Bc4. KBN-KBN} Nd4 54. Bc4+ Kf8 55. Ng5 Bh6 56. Ne4 Kg7 57. Bd3 Bc1 58. Nd6 Ba3 59. Nc4 Be7 60. Ne5 g5 (60... Nf5 $1 $11) 61. h5 $1 Ba3 62. g4 Bc1 63. Be4 Bd2 64. Kf2 Bf4 65. Nd3 Bd2 66. Bg6 Kf6 67. Be8 Kg7 68. Ba4 Kh6 69. Bd7 Kg7 70. Be8 Kh6 71. Bg6 Kg7 72. Be4 Kh6 73. Ne5 Kg7 74. Bg6 Kh6 75. Bd3 Kg7 76. Bc4 Bf4 77. Nf7 Nc6 78. Be6 Ne5 79. Nd8 Bc1 80. Bf5 Nf7 81. Ne6+ Kf6 82. Nc7 Nh6 83. Bc8 Ke5 84. Kf3 Bd2 85. Bb7 Ba5 86. Nb5 Bd2 87. Ba8 Ba5 88. Be4 Bb4 89. Na7 {Nc6+ is the strong threat.} Bc3 90. Ba8 Ba1 91. Nc6+ Kd6 92. Nb4 Ke5 93. Nd3+ Kf6 94. Bd5 Bd4 95. Bb3 Kg7 96. Ke4 ({Better is} 96. Bc4 $16) 96... Nxg4 $11 {The position is equal.} 97. Kxd4 Nf6 98. Ke5 Nxh5 99. Kf5 Nf6 100. Kxg5 Ne4+ 101. Kf5 Nd6+ 102. Ke6 Nf7 103. Nf4 Ng5+ 104. Kf5 Nf7 105. Ne6+ Kh6 106. Kf6 Nd6 107. Bc2 Ne8+ 108. Kf7 Nd6+ 109. Ke7 Nc4 110. Kf6 Ne3 111. Be4 Ng4+ 112. Kf5 Ne3+ 113. Ke5 Ng4+ 114. Kf4 Nf6 115. Ke5 Nxe4 {Precision: White = 57%, Black = 63%.} 1/2-1/2

[Event "27th CRO-chT 1B-Men 2018"]
[Site "Biograd"]
[Date "2018.09.18"]
[Round "2.18"]
[White "Bubalovic, Davorin"]
[Black "Matijevic, Hrvoje"]
[Result "1/2-1/2"]
[WhiteElo "2206"]
[BlackElo "2228"]
[Annotator "TA"]
[PlyCount "87"]
[EventDate "2018.09.15"]
[EventType "team-tourn"]
[EventCountry "CRO"]
[SourceTitle "playchess.com"]
[Source "ChessBase"]
[SourceQuality "1"]

{[%evp 12,87,41,40,37,35,36,40,89,74,96,93,81,74,81,84,159,87,77,87,100,108,111,75,82,86,69,97,92,74,68,60,62,65,115,72,74,64,75,83,62,78,96,76,64,65,120,43,47,33,107,125,93,36,66,20,102,78,87,69,93,44,57,15,28,5,57,71,119,115,120,126,118,0,129,116,114,84]} 1. e4 d6 2. d4 Nf6 3. Nc3 e5 4. Nf3 Nbd7 5. Bc4 Be7 6. a4 O-O 7. O-O exd4 {C41: Philidor Defence} (7... c6 8. Re1 b6 9. h3 a6 10. Ba2 Rb8 11. Be3 b5 12. axb5 axb5 13. b4 Bb7 14. Bb3 exd4 15. Nxd4 d5 16. exd5 Bxb4 17. Bd2 cxd5 18. Ncxb5 Bxd2 19. Qxd2 {½-½ (30) Kryvoruchko,Y (2705)-Laznicka,V (2671) Brest 2018}) 8. Nxd4 {[%cal Bf3d4,Bd4e2,Be2f4,Bf4h5,Bh5g3][%mdl 32]} Nb6 9. Ba2 c5 {White is slightly better.} 10. Nde2 Be6 11. Bxe6 $146 ({Predecessor:} 11. a5 Bxa2 12. Rxa2 Nc4 13. a6 b6 14. Nf4 Re8 15. Nfd5 {1-0 (42) Monpeurt,C (2045)-Le Borgne,P (2280) Avoine 2014}) 11... fxe6 12. Nf4 {aiming for a5.} Qd7 13. Qe2 d5 {[#]} ({Better is} 13... Rad8) 14. e5 ({White should try} 14. a5 $1 {[%cal Ra5b6]} Nc8 15. Rd1) 14... Ne8 $16 15. a5 Nc8 16. Qg4 Nc7 17. Nh5 {[%csl Gh5][%cal Rg4g7]} g6 18. Rd1 Rf5 19. Ng3 Rxe5 20. Bf4 Bd6 21. Bxe5 Bxe5 22. Qg5 Bxg3 23. Qxg3 (23. Ne4 {seems wilder.} Bxh2+ 24. Kxh2 Ne8 25. Kg1 Qc7 26. Nf6+) 23... Nd6 24. Re1 Rf8 25. Qe5 Rf5 26. Qe2 $1 Rf7 27. Rad1 Nf5 28. Qd3 Nd4 (28... Qc6 $14) 29. Ne2 (29. b4 $1 $16) 29... Nc6 $14 30. Qd2 d4 (30... Qe7 $14) 31. c3 $16 {[%cal Rc3d4]} e5 32. Ng3 (32. f4 $16) 32... Nd5 33. Qg5 {Black should prevent Ne4.} b6 (33... Nf4 $11) 34. axb6 axb6 35. cxd4 cxd4 36. Ra1 Nf4 37. Ne4 Kg7 $1 38. h3 h6 (38... Qd5 $11) 39. Qg4 $1 $36 {[%mdl 2048] White is really pushing.} Qd5 {[#]} 40. Qc8 $1 {Strongly threatening Ra8.} Rf8 41. Qb7+ Rf7 42. Qc8 (42. Qxb6 $16 {Threatens to win with Rac1.} Nd3 43. Re2) 42... Na7 (42... Rf8 $1 $11 {keeps the balance.} 43. Qc7+ Rf7) 43. Qb8 $16 Nc6 44. Qd6 {Precision: White = 62%, Black = 42%.} 1/2-1/2

[Event "27th CRO-chT 1B-Men 2018"]
[Site "Biograd"]
[Date "2018.09.18"]
[Round "2.19"]
[White "Ruck, Robert"]
[Black "Pap, Misa"]
[Result "1-0"]
[WhiteElo "2505"]
[BlackElo "2482"]
[Annotator "TA"]
[PlyCount "135"]
[EventDate "2018.09.15"]
[EventType "team-tourn"]
[EventCountry "CRO"]
[SourceTitle "playchess.com"]
[Source "ChessBase"]
[SourceQuality "1"]

{[%evp 14,135,46,46,46,24,48,38,62,64,65,60,77,75,72,64,76,62,92,90,110,118,104,88,96,88,80,81,74,37,61,64,66,74,69,83,84,97,116,92,115,118,95,108,134,76,111,106,111,111,270,280,545,264,250,101,114,114,111,88,145,141,137,62,156,131,139,138,147,144,145,126,119,100,110,91,91,93,102,89,88,88,88,88,97,93,97,90,95,95,96,0,0,0,89,88,88,88,91,96,118,118,123,124,200,237,191,200,297,250,437,429,678,675,610,650,636,628,29983,29983,29982,29983,29988,29989]} 1. Nf3 Nf6 2. c4 b6 3. Nc3 Bb7 4. d4 {[%cal Bd2d4,Bd4d5][%mdl 32]} g6 5. d5 Bg7 6. e4 d6 7. Be2 O-O 8. O-O {LiveBook: 4 Partien} e6 {E91: Königsindisch (Klassisches System)} 9. Bf4 (9. Nd4 Re8 10. f3 c6 11. dxc6 Nxc6 12. Ndb5 d5 13. cxd5 exd5 14. exd5 Nxd5 15. Nxd5 {1-0 (51) Wang,H (2710)-Mamedyarov,S (2765) Beijing 2014}) 9... Nbd7 10. Qc2 Nh5 $146 {Weiß steht etwas besser.} ({Vorgänger:} 10... Rc8 11. Rfe1 Qe7 12. Rad1 Rfd8 13. Bg5 {1-0 (33) Hengen,P (1773)-Burdot,Y (1890) Luxembourg 2015}) 11. Bg5 Qe8 12. Nd2 h6 13. Be3 Nhf6 14. Rae1 a5 15. a3 Ne5 16. h3 g5 17. f4 gxf4 18. Bxf4 Nfd7 19. Kh1 Qe7 20. Rf2 Ng6 21. Bg3 Bd4 22. Rff1 Be5 23. Bxe5 Ndxe5 24. Rf2 Ba6 25. Ref1 Qg5 26. Nf3 Nxf3 27. Rxf3 Ne5 28. Rf4 Kg7 29. Nd1 (29. Nb5 $142 Bxb5 30. cxb5) 29... Rg8 30. Ne3 Kh8 31. R1f2 Ng6 $2 (31... h5 $16) 32. Qc3+ $18 e5 $2 (32... Qe5) 33. Rxf7 (33. Rf5 $142 Qg3 34. Bg4) 33... Raf8 34. Rxf8 (34. Bg4 $18 {ist viel giftiger.}) 34... Rxf8 $16 35. Rxf8+ Nxf8 36. Bg4 Ng6 ({Lieber} 36... Nh7) 37. Qe1 Qf4 38. Kg1 ({Günstiger ist} 38. Nf5 $16) 38... Ne7 (38... Qxe4 $14 39. Bf5 Qh4) 39. Bf3 Ng8 40. Qf2 Nf6 41. g3 Qg5 42. b3 Bc8 43. Bg2 Kg7 44. Qf3 h5 45. Kf2 Bd7 46. Ke2 Bc8 47. Kd3 Bd7 48. Kc2 Kf8 49. Nf1 Ke7 50. Nd2 Qg6 51. Kc3 Qh6 52. b4 (52. Kd3 $16) 52... axb4+ $11 53. axb4 Be8 (53... b5 $1 $11) 54. Qf2 $16 Qf8 {[#] ...Sxd5+! ist eine echte Drohung.} 55. Qe3 Bd7 56. Qg5 Kf7 57. Bf3 Qh8 58. h4 {[%cal Bh3h4,Bh4h5][%mdl 32]} Bg4 (58... Be8 $16 {kämpft weiter.} 59. Kc2 Ke7) 59. Bxg4 $18 hxg4 60. Qf5 Qa8 (60... Kg7 $142 61. c5 Qh5) 61. h5 {[#] Schwarz muss nun Dg6+ beachten.} Qh8 $2 (61... Qf8 {ist eine bessere Verteidigung.} 62. c5 Kg7) 62. Qe6+ Kg7 (62... Kf8 $142 63. Qc8+ Ne8 64. Qxg4 Qg7) 63. Qe7+ Kh6 {Jetzt ...Dg7 und Schwarz darf weiter klammern.} 64. Qxc7 Qf8 65. Qxb6 Nxe4+ 66. Nxe4 {Weiß setzt Matt.} Qf3+ 67. Kd2 Qxe4 68. Qe3+ {Precision: Weiß = 60%, Schwarz = 42%.} 1-0

[Event "27th CRO-chT 1B-Men 2018"]
[Site "Biograd"]
[Date "2018.09.16"]
[Round "2.20"]
[White "Nikcevic, Nebojsa"]
[Black "Horvath, Adam"]
[Result "1/2-1/2"]
[WhiteElo "2428"]
[BlackElo "2482"]
[Annotator "TA"]
[PlyCount "60"]
[EventDate "2018.09.15"]
[EventType "team-tourn"]
[EventCountry "CRO"]
[SourceTitle "playchess.com"]
[Source "ChessBase"]
[SourceQuality "1"]

{[%evp 38,60,0,0,0,0,0,0,0,0,0,0,0,0,0,0,0,0,0,0,0,0,0,0,0]} 1. Nf3 Nf6 2. c4 e6 3. Nc3 d5 4. d4 dxc4 5. e3 a6 6. a4 c5 7. Bxc4 Nc6 8. O-O Be7 9. Qe2 cxd4 10. Rd1 e5 11. exd4 exd4 12. Nxd4 Nxd4 13. Qe5 Qd6 14. Qxd4 Qxd4 15. Rxd4 Bc5 16. Rd1 {D27: Queen's Gambit Accepted: Classical main line: 7 e4!? and 7 a4} O-O 17. h3 Be6 18. Bxe6 fxe6 19. Be3 (19. Kf1 Nd5 20. f3 Nxc3 21. bxc3 Rac8 22. Rb1 b6 23. Re1 Rc6 {½-½ (31) Eljanov,P (2741)-Caruana,F (2813) Douglas 2016}) 19... Bxe3 20. fxe3 {LiveBook: 5 Games. The position is equal.} Rad8 21. a5 Kf7 22. Rxd8 Rxd8 $11 {[%mdl 4096] Endgame KRN-KRN} 23. Ra4 {[#]} Ke7 $146 ({Predecessor:} 23... Rc8) 24. Rb4 Rd7 25. Kf2 Rc7 26. Ke2 Nd7 27. Re4 {[#] Nd5+ is the strong threat.} Rc5 28. Rb4 Rc7 29. Re4 {aiming for Nd5+.} Rc5 30. Rb4 Rc7 1/2-1/2

[Event "27th CRO-chT 1B-Men 2018"]
[Site "Biograd"]
[Date "2018.09.16"]
[Round "2.21"]
[White "Dabo-Peranic, Robert"]
[Black "Matkovic, Tonci"]
[Result "1/2-1/2"]
[WhiteElo "2284"]
[BlackElo "2274"]
[Annotator "ChessBase"]
[PlyCount "63"]
[EventDate "2018.09.15"]
[EventType "team-tourn"]
[EventCountry "CRO"]
[SourceTitle "playchess.com"]
[Source "ChessBase"]
[SourceQuality "1"]
[TimeControl "40/5400+30:1800+30"]

1. d4 d5 2. c4 e6 3. Nf3 Nf6 4. g3 Be7 5. Bg2 Nbd7 6. O-O O-O 7. b3 c5 8. e3 b6 9. Bb2 Bb7 10. Nbd2 Rc8 11. Rc1 Re8 12. Re1 Bf8 13. Qc2 h6 14. Qb1 cxd4 15. exd4 Ba8 16. Qa1 Rc7 17. Rc2 Qe7 18. Rec1 Rec8 19. Qb1 Qd8 20. Bf1 Bb4 21. Bc3 Be7 22. a4 Ba3 23. Bb2 Bb4 24. Bc3 Ba3 25. Re1 Be7 26. Qa1 Qf8 27. a5 Bb4 28. axb6 axb6 29. Bxb4 Qxb4 30. Ra2 Bc6 31. Bd3 {[%emt 1:36:35]} Ne4 {[%emt 1:37:02]} 32. Bxe4 {[%emt 0:02:06]} 1/2-1/2

[Event "27th CRO-chT 1B-Men 2018"]
[Site "Biograd"]
[Date "2018.09.16"]
[Round "2.22"]
[White "Vlaic, Branko"]
[Black "Martic, Zlatko"]
[Result "1/2-1/2"]
[WhiteElo "2246"]
[BlackElo "2244"]
[Annotator "ChessBase"]
[PlyCount "56"]
[EventDate "2018.09.15"]
[EventType "team-tourn"]
[EventCountry "CRO"]
[SourceTitle "playchess.com"]
[Source "ChessBase"]
[SourceQuality "1"]
[TimeControl "40/5400+30:1800+30"]

1. d4 Nf6 2. Nf3 c5 3. d5 g6 4. Nc3 Bg7 5. e4 O-O 6. e5 Ng4 7. Bf4 d6 8. exd6 exd6 9. Be2 Re8 10. O-O a6 11. a4 Ne5 12. h3 Nbd7 13. Qd2 b6 14. Rfe1 Nxf3+ 15. Bxf3 Ne5 16. Be2 f5 17. Bg5 Qc7 18. Bf1 Bd7 19. f4 Nf7 20. Rxe8+ Rxe8 21. Bh4 Qb7 22. Qd3 b5 23. axb5 axb5 24. Nxb5 Bxb2 25. Rb1 {[%emt 0:48:30]} Bg7 {[%emt 1:37:05]} 26. c4 {[%emt 0:02:30]} Qb6 {[%emt 0:00:15]} 27. Bf2 {[%emt 0:01:30]} Qa5 {[%emt 0:00:22]} 28. Be2 {[%emt 0:01:30]} Qa2 {[%emt 0:00:58]} 1/2-1/2

[Event "27th CRO-chT 1B-Men 2018"]
[Site "Biograd"]
[Date "2018.09.18"]
[Round "2.23"]
[White "Rubil, Marko"]
[Black "Malenica, Mario"]
[Result "0-1"]
[WhiteElo "2201"]
[BlackElo "2212"]
[Annotator "ChessBase"]
[PlyCount "82"]
[EventDate "2018.09.15"]
[EventType "team-tourn"]
[EventCountry "CRO"]
[SourceTitle "playchess.com"]
[Source "ChessBase"]
[SourceQuality "1"]
[TimeControl "40/5400+30:1800+30"]

1. e4 c5 2. Nf3 g6 3. d4 cxd4 4. Nxd4 Nc6 5. c4 Nf6 6. Nc3 d6 7. Be2 Nxd4 8. Qxd4 Bg7 9. Bg5 O-O 10. Qd2 a5 11. O-O a4 12. Bh6 Qa5 13. Bxg7 Kxg7 14. Qd4 Be6 15. Nb5 Rfc8 16. a3 Bd7 17. Rac1 Rc5 18. Nc3 Be6 19. Nd5 Bxd5 20. exd5 Rac8 21. Rc3 {[%emt 1:38:30]} R5c7 {[%emt 1:32:30]} 22. Rfc1 {[%emt 0:00:30]} Qc5 {[%emt 0:00:52]} 23. Qh4 {[%emt 0:00:01]} e5 {[%emt 0:03:40]} 24. Rd1 {[%emt 0:01:43]} Ng8 {[%emt 0:01:39]} 25. g4 {[%emt 0:00:48]} f6 {[%emt 0:00:31]} 26. Qg3 {[%emt 0:00:09]} Rf7 {[%emt 0:00:18]} 27. Kg2 {[%emt 0:01:00]} Ne7 {[%emt 0:00:16]} 28. f4 {[%emt 0:00:46]} exf4 {[%emt 0:02:12]} 29. Qxf4 {[%emt 0:00:29]} g5 {[%emt 0:00:08]} 30. Qe4 {[%emt 0:00:38]} Ng6 {[%emt 0:00:30]} 31. Bd3 {[%emt 0:00:12]} Re7 {[%emt 0:00:09]} 32. Qxe7+ {[%emt 0:00:43]} Nxe7 {[%emt 0:00:09]} 33. Re1 {[%emt 0:00:08]} Rc7 {[%emt 0:00:14]} 34. Re4 {[%emt 0:00:41]} Ng6 {[%emt 0:00:14]} 35. Bc2 {[%emt 0:00:07]} Re7 {[%emt 0:01:20]} 36. Rxe7+ {[%emt 0:00:41]} Nxe7 {[%emt 0:00:04]} 37. Bxa4 {[%emt 0:00:20]} Ng6 {[%emt 0:00:06]} 38. Bc2 {[%emt 0:00:38]} Nf4+ {[%emt 0:01:54]} 39. Kf3 {[%emt 0:00:01]} Qd4 {[%emt 0:00:24]} 40. a4 {[%emt 0:00:00]} Qd2 {[%emt 0:00:00]} 41. Ke4 {[%emt 0:03:25]} Qe2+ {[%emt 0:03:20]} 0-1

[Event "27th CRO-chT 1B-Men 2018"]
[Site "Biograd"]
[Date "2018.09.18"]
[Round "2.24"]
[White "Grgurevic, Boris"]
[Black "Matanovic, Luka"]
[Result "0-1"]
[WhiteElo "2145"]
[BlackElo "2252"]
[Annotator "ChessBase"]
[PlyCount "108"]
[EventDate "2018.09.15"]
[EventType "team-tourn"]
[EventCountry "CRO"]
[SourceTitle "playchess.com"]
[Source "ChessBase"]
[SourceQuality "1"]
[TimeControl "40/5400+30:1800+30"]

1. e4 e5 2. Bc4 Nf6 3. d3 Nc6 4. Nf3 Bc5 5. Be3 Bxe3 6. fxe3 d5 7. exd5 Nxd5 8. Qd2 O-O 9. O-O Nb6 10. Bb3 Qe7 11. Nc3 Be6 12. Bxe6 Qxe6 13. e4 Rad8 14. Qg5 Qg6 15. Qxg6 hxg6 16. a4 a5 17. Nb5 Rd7 18. Rf2 f6 19. b3 Nd8 20. Rd1 Ne6 21. Rfd2 Rfd8 22. Kf2 g5 23. d4 g4 24. Nh4 exd4 25. Nf5 c6 26. Na3 Kh7 27. Ke1 g6 28. Ng3 Kg7 29. Kf2 Ng5 30. Nb1 c5 31. Na3 Re8 32. c3 Nxe4+ 33. Nxe4 Rxe4 34. cxd4 Rexd4 35. Rxd4 cxd4 36. Rd3 f5 37. Nb5 Kf6 38. Rxd4 Ke5 39. Rxd7 Nxd7 40. Na3 Kd4 41. Nb5+ Kd3 42. Kg3 Nc5 43. h4 gxh3 44. gxh3 Ke3 45. Kg2 f4 46. Kf1 Nxb3 47. Nc3 Nc5 48. h4 Kf3 49. Nd5 Kg3 50. Ne7 f3 51. Nxg6 Ne4 {[%emt 1:59:30]} 52. Ke1 {[%emt 2:22:21]} f2+ {[%emt 0:00:30]} 53. Ke2 {[%emt 0:00:38]} Nc3+ {[%emt 0:00:30]} 54. Kf1 {[%emt 0:00:34]} Nd5 {[%emt 0:00:30]} 0-1

[Event "27th CRO-chT 1B-Men 2018"]
[Site "Biograd"]
[Date "2018.09.18"]
[Round "2.26"]
[White "Seyb, Alexander"]
[Black "Plat, Vojtech"]
[Result "1/2-1/2"]
[WhiteElo "2388"]
[BlackElo "2540"]
[Annotator "TA"]
[PlyCount "237"]
[EventDate "2018.09.15"]
[EventType "team-tourn"]
[EventCountry "CRO"]
[SourceTitle "playchess.com"]
[Source "ChessBase"]
[SourceQuality "1"]

{[%evp 25,237,7,54,54,69,63,84,82,81,80,41,-38,-31,-51,-45,-45,-43,-54,-42,-43,-35,-37,-18,-20,-23,-61,0,0,0,-70,-22,-22,-24,-30,-14,-58,-61,-77,-51,-76,-72,-59,-54,-50,84,75,164,-8,18,20,18,-85,-68,-78,-95,-87,-12,-31,-28,-22,-21,-25,84,-36,-32,-39,-19,-26,-18,-18,-9,-10,-9,-18,-9,-9,-10,-18,-9,-9,-9,-9,-9,-9,-9,-9,-9,-18,-18,-18,-18,-25,-25,-25,0,0,0,0,0,0,0,0,0,0,0,0,0,0,0,0,0,0,0,0,0,-9,0,0,0,-9,0,-9,-9,-9,-9,-9,-9,-9,-9,-10,-10,-10,-10,-23,-31,-45,-57,-95,-110,-110,-9,-9,-9,-162,-9,-9,-9,-9,-9,-9,-9,-9,-9,-185,-185,-185,-9,-9,-9,-9,-9,-9,-9,-9,-9,-9,-9,-9,-9,-9,-9,-9,-9,-9,0,-9,0,0,0,0,0,-9,0,0,0,0,0,0,0,-9,-9,-9,-9,-9,-9,0,0,-9,-9,-9,-9,-9,0,-9,0,-9,0,-9,0,-9,0,0,0,0]} 1. e4 d6 2. d4 Nf6 3. Nc3 e5 4. Nf3 Nbd7 5. Bc4 Be7 6. a4 O-O 7. O-O a5 8. Re1 c6 9. h3 Nb6 {C41: Philidor Defence} (9... Re8 10. Ba2 Bf8 11. Be3 Qc7 12. Ng5 Re7 13. f4 b6 14. fxe5 dxe5 15. d5 cxd5 16. exd5 {1-0 (16) Wang,H (2709)-Ivanchuk,V (2726) Huaian 2017}) 10. Ba2 Nfd7 11. Be3 exd4 12. Nxd4 Nc5 13. Qh5 g6 {LiveBook: 5 Games} 14. Qh6 Bf6 15. Nf3 $1 {[%cal Rf3g5]} Bg7 16. Qf4 Qe7 17. Rad1 Be6 $146 ({Predecessor:} 17... Nbxa4 18. Nxa4 Nxa4 {½-½ (127) Lyell,M (2296)-Sredojevic,I (2318) Budapest 2018}) 18. Bxe6 ({Much worse is} 18. Qxd6 Qxd6 19. Rxd6 Bxc3 $15) (18. Nd5 $14 Nxd5 19. exd5 cxd5 20. Bxd5) 18... Nxe6 $15 19. Qxd6 Qxd6 20. Rxd6 Bxc3 21. bxc3 Nxa4 22. c4 Nb2 23. Nd2 a4 24. Ra1 $1 a3 25. f4 {[%cal Bf2f4,Bf4f5][%mdl 32]} Ra4 (25... a2 $15) 26. f5 $11 Ng7 27. g4 (27. Rd7 $11) 27... Nxc4 (27... Rfa8 {seems wilder.} 28. Bc5 Ne8 29. Rd4 a2 30. Kf2 f6) 28. Rd4 b5 29. Nxc4 bxc4 30. Kf2 a2 31. Rd7 Re8 32. Kf3 gxf5 33. gxf5 Ra3 34. Ra7 Rc3 (34... Ra8 $15 {keeps the upper hand.} 35. Rxa8+ Rxa8) 35. Rg1 $1 $16 Kf8 (35... Kh8 $16 36. Rxf7 Ra8) 36. Kf2 $2 ({White must play} 36. Re1 $1 $18) 36... Rxc2+ (36... Nxf5 $5 37. Bc5+ Ne7 $11) 37. Kf3 Rc3 $1 {Strongly threatening ...Nxf5!} 38. Kf2 {[#]} (38. Re1 $11 {remains equal.}) 38... Nxf5 $1 $17 {[%mdl 512]} 39. Bc5+ (39. exf5 Rexe3) 39... Ne7 40. Rxa2 f6 (40... Rxh3 $17 41. Ra6 Rh4 42. Rxc6 Rxe4) 41. Ra7 Rxh3 42. Rc7 $1 Kf7 {Threatens to win with ...c3.} 43. Ra1 $1 {[%cal Ra1a7]} Ke6 {[#]} (43... Rh4 $11 44. Ra6 Rxe4 45. Raxc6 h5) 44. Bxe7 (44. Ra8 $1 $16 {[%cal Ra8e8][%mdl 512]} Kf7 (44... Rxa8 45. Rxe7#) 45. Rxe8 Kxe8 46. Bxe7 (46. Rxe7+ Kd8 $16)) 44... Rxe7 $15 45. Rxc6+ $16 {[%mdl 4096] Endgame KRR-KRR} Kf7 46. Rxc4 Rb7 47. Kg2 Rh5 48. Ra6 Rb2+ 49. Kg3 Rb3+ 50. Kg2 Rg5+ 51. Kf2 Rb7 52. Rcc6 Rg6 53. Kf3 Re7 54. Rc5 Kg7 55. Rca5 Rg1 56. Ra7 Rxa7 57. Rxa7+ $11 {KR-KR} Kg6 58. Ra8 Rf1+ 59. Kg3 h5 60. Rg8+ Kh7 61. Re8 Re1 62. Kf4 Kg6 63. Rg8+ Kf7 64. Rh8 Rh1 65. Kf3 Kg7 66. Re8 Kf7 67. Rh8 Rh4 68. Ra8 Rg4 69. Rb8 Rg5 70. Ra8 Kg7 71. Ra7+ Kg6 72. Ra8 h4 73. Rh8 Rh5 74. Rg8+ Kf7 75. Rg2 h3 76. Rh2 Ke6 {...Ke5 is the strong threat.} 77. Kg4 Rh8 78. Kf4 Rh7 79. Ke3 Ke5 80. Kf3 Rh8 {White must now prevent ...Rh4.} 81. Ke3 $1 Ra8 {And now ...Ra3+ would win.} 82. Kf3 Ra3+ (82... Rb8 $17 83. Rc2 Rh8) 83. Kg4 Kxe4 {Hoping for ...f5+.} 84. Re2+ $2 {[#]} (84. Rf2 $1 $11 {and White stays safe.}) 84... Re3 $2 (84... Kd5 $1 $19 85. Kf4 Ra8) 85. Rf2 Ke5 {White should prevent ...Ke6.} 86. Rf5+ Ke6 87. Rh5 Ra3 88. Rh8 Rb3 89. Kf4 $2 (89. Rh5 $11 {and White has nothing to worry.}) 89... Rb2 $19 90. Rh7 Rh2 $2 ({Black should play} 90... h2 $19 91. Rh6 Kd5) 91. Kg3 $11 {The position is equal.} Rh1 {Black wants to play ...Ra1.} 92. Rh8 Kf5 {With the idea ...Ra1.} 93. Ra8 Kg6 94. Rg8+ Kh7 95. Rg4 Kh6 96. Rh4+ Kg5 97. Rg4+ Kf5 {( -> ...Rg1+)} 98. Ra4 Kg6 99. Ra8 f5 100. Rh8 Kf6 101. Rf8+ Ke5 102. Re8+ Kd6 103. Rf8 Ke6 104. Re8+ Kf7 105. Rh8 Ke6 106. Re8+ Kd6 107. Rf8 Rg1+ 108. Kh2 Rg5 109. Kxh3 Ke5 {Threatening ...f4.} 110. Ra8 Rg1 111. Ra5+ Kf4 112. Kh2 (112. Ra3 {looks sharper.} Re1 113. Ra5 Rh1+ 114. Kg2 Rc1 115. Ra4+) 112... Rg8 (112... Rd1 {is more complex.} 113. Kh3 Re1 114. Rb5 Rh1+ 115. Kg2 Ra1) 113. Ra4+ Ke3 114. Ra3+ Kd4 (114... Kf2 $5 115. Ra2+ $8 Ke3 $11) 115. Ra4+ Kd3 116. Ra3+ Kc4 117. Rg3 Rxg3 118. Kxg3 f4+ 119. Kxf4 {Precision: White = 54%, Black = 43%.} 1/2-1/2

[Event "27th CRO-chT 1B-Men 2018"]
[Site "Biograd"]
[Date "2018.09.16"]
[Round "2.28"]
[White "Muha, Miljenko"]
[Black "Rogulj, Branko"]
[Result "1-0"]
[WhiteElo "2364"]
[BlackElo "2404"]
[Annotator "ChessBase"]
[PlyCount "61"]
[EventDate "2018.09.15"]
[EventType "team-tourn"]
[EventCountry "CRO"]
[SourceTitle "playchess.com"]
[Source "ChessBase"]
[SourceQuality "1"]
[TimeControl "40/5400+30:1800+30"]

1. Nf3 Nf6 2. c4 c5 3. Nc3 Nc6 4. e3 e6 5. d4 d5 6. cxd5 Nxd5 7. Bd3 cxd4 8. exd4 Bb4 9. O-O O-O 10. Bc2 Nf6 11. Qd3 Be7 12. a3 b6 13. Bg5 g6 14. Rad1 Bb7 15. Rfe1 Rc8 16. Bb3 Kg7 17. Qe3 Ng8 18. d5 exd5 19. Nxd5 Bxg5 20. Nxg5 Re8 21. Qc3+ Ne5 22. Nxf7 Qh4 23. Nc7 Rxc7 24. Qxc7 Re7 25. Qc3 Qg4 26. Qg3 Qxg3 27. hxg3 {[%emt 1:35:51]} Rxf7 {[%emt 1:37:28]} 28. Rxe5 {[%emt 0:00:13]} Rc7 {[%emt 0:00:08]} 29. Rde1 {[%emt 0:01:06]} Ba6 {[%emt 0:03:24]} 30. Bxg8 {[%emt 0:00:24]} Kxg8 {[%emt 0:00:12]} 31. Re7 {[%emt 0:00:05]} 1-0